| 000 | 01309nam a2200373 a 4500 | ||
|---|---|---|---|
| 001 | 000110162 | ||
| 003 | CHAP | ||
| 005 | 20220329144120.0 | ||
| 008 | 140728s2012 mx ad |r| |||0|||spa d | ||
| 010 | _a106624 | ||
| 011 | _a107596 | ||
| 020 | _a9786078240067 | ||
| 040 | _cCHAP | ||
| 082 | 0 | 4 |
_a305.4097275 _bR17 |
| 100 | 1 |
_aRamos Maza, Teresa _9127570 |
|
| 245 | 1 | 0 |
_aRegión fronteriza : _bentre la milpa, el trabajo, los programas gubernamentales y el mercado / _cpor Teresa Ramos Maza. |
| 246 | 1 | _aMujeres marginales de Chiapas: situación, condición y participación | |
| 260 |
_aMéxico : _bUniversidad de Ciencias y Artes de Chiapas, _c2012. |
||
| 300 |
_a108 p. : _bil., gráfs. |
||
| 490 | 0 | _aColección Corazón de maíz | |
| 504 | _aIncluye bibliografía | ||
| 590 |
_aE11695DGD _b10 _c20140731 _lUCH01 _h0917 |
||
| 590 |
_aE11695DGD _b10 _c20140731 _lUCH01 _h0921 |
||
| 590 |
_aE5652GLJ _b05 _c20140728 _lUCH01 _h1448 |
||
| 590 |
_aE5652GLJ _b05 _c20140729 _lUCH01 _h0830 |
||
| 650 | 1 | 4 |
_aChiapas _xVida social y costrumbres. _922239 |
| 650 | 1 | 4 |
_aMujer en comunidades rurales _xChiapas. _979365 |
| 650 | 1 | 4 |
_aMujer _xSituación social _xChiapas. _979332 |
| 650 | 1 | 4 |
_aSubsidios. _9110160 |
| 830 | 0 |
_aColección Corazón de maíz _9127575 |
|
| 901 | _aBK | ||
| 942 | _cLIBRO | ||
| 942 | _n0 | ||
| 999 |
_c106624 _d106624 |
||